Animals of Spain - Sudden Death - Statistics

General Stats
  • This quiz has been taken 42 times
  • The average score is 4 of 16
Answers on the Grid
Answers color-coded by a green-red scale on the quiz's grid according to % correct below.
Grey Wolves
Lynxes
Roughsharks
Martens
Worm Lizards
Desmans
Mongeese
Vipers
Shearwaters
Bustards
Cuckoos
Buzzards
Canaries
Pufferfish
Geckos
Chameleons
Porcupines
Golden Jackals
Wolverines
Lions
Frigatebirds
Secretarybirds
Iguanas
Pumas
Jaguarundis
Hyraxes
Sea Lions
Leopards
Alligator Lizards
Crocodiles
Rattlesnakes
Armadillos
 
Answer Stats
Answer % Correct
Lynxes
52%
Geckos
37%
Canaries
33%
Grey Wolves
33%
Cuckoos
30%
Vipers
30%
Chameleons
26%
Martens
26%
Buzzards
22%
Bustards
19%
Desmans
15%
Roughsharks
15%
Shearwaters
15%
Mongeese
11%
Worm Lizards
7%
Pufferfish
4%
No matching quizzes found
Score Distribution
Percent of People with Each Score
Percentile by Number Answered
Your Score History
You have not taken this quiz